LEADER 00983nam a2200229 i 4500 001 000000111001 003 CaOOAMICUS 005 20021230000000.0 008 021230s1950 it u000 u ita u 013 $a83682 040 $aSeMil$bita 100 1 $aPu?kin, Aleksandr Sergeevi?,$d<1799-1837>.$0(OLS)http://semarc/name/15225 245 13$aLa figlia del capitano. Le novelle di Bielkin. La donna di picche /$cAleksandr Puskin. 260 $aMilano :$bRizzoli,$c1950. 300 $a246 p. ;$c16 cm. 490 0 $aBiblioteca Universale Rizzoli ;$v145 830 0$aBiblioteca Universale Rizzoli ;$v145.$0(OLS)http://semarc/title/7348 850 $aSeMil 852 $aSeMil$W1$xVenegono$y1$m78 12 145 *$j66842$B66842$CSeMilBibl$Z2$F73598 $81 961 $aRecupero: Biblioteca Seminario Liceale 996 $6245$aLa figlia del capitano. Le novelle di Bielkin. La donna di picche$9(OLS)http://semarc/title/161440 996 $6260$aMilano :$bRizzoli$9(OLS)http://semarc/publisher/29824 LEADER 00924nam a2200217 i 4500 001 000000188755 003 CaOOAMICUS 005 20100421000000.0 008 100421s1974 it u000 u ita u 013 $a166989 040 $aSeMil$bita 245 10$aProvvidenza e Storia :$bPavia, 16-20 aprile 1972. 260 $aPavia :$bMario Ponzio,$c1974. 300 $a90 p. ;$c24 cm. 490 0 $aAtti della settimana agostiniana pavese ;$vN.4 650 4$aAgostino, Aurelio - Concezione della storia.$0(OLS)http://semarc/subject/35520 830 0$aAtti della settimana agostiniana pavese ;$vN.4.$0(OLS)http://semarc/title/12409 850 $aSeMil 852 $aSeMil$W1$xVenegono$y1$m2T IV 159$j139392$B139392$CSeMilBibl$Z2$F151022 $81 996 $6245$aProvvidenza e Storia :$bPavia, 16-20 aprile 1972$9(OLS)http://semarc/title/271693 996 $6260$aPavia :$bMario Ponzio$9(OLS)http://semarc/publisher/30743